Statistics for Chinese Football Clubs by Home Town Location

Click here to take the quiz!

General Stats

  • This quiz has been taken 9 times
  • The average score is 18 of 54

Answers on the Map

Answers color-coded by a green-red scale on the quiz's map according to % correct below.
 

Answer Stats

Answer% Correct
Guangzhou City 廣州城
100%
Guangzhou F.C. 廣州FC
100%
Beijing Guoan 北京國安
78%
Changchun Yatai 長春亞泰
78%
Shanghai Shenhua 上海申花
78%
Chengdu Rongcheng 成都蓉城
67%
Shandong Taishan 山東泰山
67%
Shanghai Port 上海海港
67%
Wuhan Three Towns 武漢三鎮
67%
Guangxi Pingguo Haliao 廣西平果哈嘹
56%
Henan Songshan Longmen 河南嵩山龍門
56%
Kunshan F.C. 崑山FC
56%
Nanjing City 南京城市
56%
Nantong Zhiyun 南通支雲
56%
Qingdao Hainiu 青島海牛
56%
Shenzhen F.C. 深圳FC
56%
Tianjin Jinmen Tiger 天津津門虎
56%
Cangzhou Mighty Lions 滄州雄獅
44%
Meizhou Hakka 梅州客家
44%
Zhejiang FC 浙江FC
44%
Dandong Tengyue 丹東騰躍
33%
Hebei F.C.河北FC
33%
Sichuang Jiuniu 四川九牛
33%
Suzhou Dongwu 蘇州東吳
33%
Xinjiang Tianshan Leopard 新疆天山雪豹
33%
Dongguan United 東莞莞聯
22%
Hainan Star 海南之星
22%
Heilongjiang Ice City 黑龍江冰城
22%
Jiangxi Beidamen 江西北大門
22%
Shijiazhuang Gongfu 石家莊功夫
22%
Wuxi Wugou 無錫吳鈎
22%
Beijing BIT 北京理工
11%
Beijing BSU 北京北體大
11%
Chongqing Tongliang Loong 重慶銅梁龍
11%
Dalian Professional 大連人
11%
Guangxi Lanhang 廣西藍航
11%
Hubei Istar 湖北青年星
11%
Jiangxi Dark Horse Junior 江西黑馬青年
11%
Jinan Xinzhou 濟南興洲
11%
Liaoning Shenyang Urban 遼寧瀋陽城市
11%
Nantong Haimen Codion 南通海門珂締緣
11%
Qingdao Red Lions 青島雄紅獅
11%
Qingdao Youth Island 青島青春島
11%
Quanzhou Yassin 泉州亞新
11%
Shaangxi Chang'an Athletic 陝西長安競技
11%
Shanghai Jiading Huilong 上海嘉定龍匯
11%
Shaoxing Shangyu Pterosaur 紹興上虞翼龍
11%
Tai'an Tiankuang 泰安天貺
11%
Wuhan Jiangcheng 武漢江城
11%
Yanbian Longding 延邊龍鼎
11%
Yuxi Yukun Stell 玉溪玉昆鋼鐵
11%
Zhuhai Qin'ao 珠海琴澳
11%
Zibo Cuju 淄博蹴鞠
11%
Zibo Qisheng 淄博齊盛
11%

Score Distribution

Percentile by Number Answered

Percent of People with Each Score

Your Score History

You have not taken this quiz